000 00959nam a2200289 i 4500
001 115509
003 ES-MaACL
005 20251209125807.0
007 t|
008 070314s1916 ag |||| |dspa d
080 _a929 Belgrano, Manuel
080 _a94(82)
100 1 _aMitre, Bartolomé.
_981705
245 1 0 _aComprobaciones históricas /
_cpor Bartolomé Mitre.
260 _aBuenos Aires :
_bLibrería La Facultad,
_c1916.
300 _a2 v. :
_bil. ;
_c19 cm.
490 1 _aBiblioteca argentina ;
_v8, 15
530 _aDisponible en formato digital.
599 _aRetr. del autor.
651 4 _aArgentina-
_xHistoria-
_yS.XIX.
_97811
830 0 _aBiblioteca argentina ;
_v8, 15
_9186252
852 _aES-MaACL
_jG-1062
_cDEPO2
852 _aES-MaACL
_jG-1069
_cDEPO2
856 4 _uhttp://bnedigital.bne.es/bd/es/card?id=6754fcb1-06c3-462e-a821-15c176184bd2
_y(Biblioteca Digital Hispánica)
942 _2udc
999 _c115509
_d115509